|
|
|
|
| LEADER |
00000nam0a2200000 4500 |
| 001 |
328820 |
| 005 |
20231102004112.0 |
| 035 |
|
|
|a (RuTPU)RU\TPU\book\354520
|
| 035 |
|
|
|a RU\TPU\book\35856
|
| 090 |
|
|
|a 328820
|
| 100 |
|
|
|a 20170222d1966 km y0rusy50 ca
|
| 101 |
0 |
|
|a rus
|
| 102 |
|
|
|a RU
|
| 105 |
|
|
|a a z 001zy
|
| 200 |
1 |
|
|a Технология бурения глубоких скважин
|f А. А. Мовсумов, Г. Н. Джалил-заде
|
| 210 |
|
|
|a Москва
|c Недра
|d 1966
|
| 215 |
|
|
|a 186 с.
|c ил.
|
| 320 |
|
|
|a Библиогр.: с. 182-184
|
| 606 |
1 |
|
|a Бурение глубокое
|x Горное дело
|2 stltpush
|3 (RuTPU)RU\TPU\subj\30267
|9 53396
|
| 610 |
1 |
|
|a геология
|
| 610 |
1 |
|
|a скважины
|
| 610 |
1 |
|
|a нефть
|
| 610 |
1 |
|
|a газ
|
| 610 |
1 |
|
|a бурение
|
| 610 |
1 |
|
|a горные породы
|
| 610 |
1 |
|
|a классификации
|
| 610 |
1 |
|
|a свойства
|
| 610 |
1 |
|
|a буровые растворы
|
| 610 |
1 |
|
|a осложнения
|
| 610 |
1 |
|
|a буровые инструменты
|
| 675 |
|
|
|a 622.243
|v 3
|
| 700 |
|
1 |
|a Мовсумов
|b А. А.
|g Агасаф Агакерим Оглы
|
| 701 |
|
1 |
|a Джалил-заде
|b Г. Н.
|g Гамза Низам Оглы
|
| 801 |
|
0 |
|a RU
|b 63413507
|c 20011210
|g PSBO
|
| 801 |
|
2 |
|a RU
|b 63413507
|c 20170303
|g PSBO
|
| 900 |
|
|
|a Направленное бурение нефтяных и газовых скважин
|
| 900 |
|
|
|a Осложнения и аварии при бурении нефтяных и газовых скважин
|
| 942 |
|
|
|c BK
|